Statistics for City to River #1

Click here to take the quiz!

General Stats

  • This quiz has been taken 22,570 times
    (22,533 since last reset)
  • The average score is 14 of 24

Answer Stats

CityRiver% Correct
CairoNile
95%
LondonThames
94%
BudapestDanube
89%
ParisSeine
86%
New OrleansMississippi
84%
DüsseldorfRhine
84%
New York CityHudson
80%
BaghdadTigris
74%
ShanghaiYangtze
67%
RomeTiber
62%
KinshasaCongo
60%
Washington D.C.Potomac
60%
CincinnatiOhio
55%
Phnom PenhMekong
54%
MontrealSt. Lawrence
52%
Buenos AiresPlata
44%
VaranasiGanges
41%
KyivDnieper
40%
FrankfurtMain
40%
HamburgElbe
39%
Cambridge, EnglandCam
31%
WarsawVistula
30%
LisbonTagus
22%
SeoulHan
17%

Score Distribution

Percentile by Number Answered

Percent of People with Each Score

Your Score History

You have not taken this quiz since the last reset